000 01056cam a2200217 4500
001 ##L135721
008 061128n 000 0 eng u
035 _a(Sirsi) u135721
041 0 _aeng
110 1 _aUnited Kingdom
_bDepartment for Communities and Local Government
_94939
245 0 0 _aThames Gateway and the Olympic legacy
520 _aBrings together information about existing work and planned development across the Thames Gateway regions of London, South Essex and North Kent. Includes the Thames Gateway Interim Plan, other key publications, news releases, speeches and statements, and film clips. Also covers the impact of the 2012 Olympic Games on the region and investing in the Thames Gateway.
590 _aKA
651 4 _aLONDON
651 4 _aSOUTH ESSEX
651 4 _aTHAMES GATEWAY
651 4 _aNORTH KENT
690 _aPROPERTY-PROPERTY DEVELOPMENT-STRATEGIC PROPERTY DEVELOPMENT
856 4 0 _uhttps://www.communities.gov.uk/index.asp?id=1140187
_zView the website free of charge at www.communities.gov.uk...
942 _n0
999 _c120544
_d120544